West Africa / (Record no. 7615)

MARC details
000 -LEADER
fixed length control field 00899nam a2200193 4500
020 ## - INTERNATIONAL STANDARD BOOK NUMBER
ISBN 1740592492; 9781740592499
050 ## - CALL NUMBER
Classification number DT470.5
Item number .F57
100 ## - AUTHOR
Personal name Fitzpatrick Mary
245 ## - TITLE
Title West Africa /
Statement of responsibility, etc Mary Fitzpatrick et al
250 ## - EDITION
Edition statement 5th ed.
260 ## - PUBLICATION INFORMATION
Place of publication Melbourne, Vic. ; London :
Name of publisher Lonely Planet,
Year of publication 2002.
300 ## - DESCRIPTION
Number of Pages 896 pages, 24 unnumbered pages of plates :
Other physical details illustrations (some color), maps (some color), portraits ;
Dimensions 19 cm.
500 ## - NOTES
General note Previous edition: / David Else [and others]. 1999.<br/>Includes index.
505 ## - FORMATTED CONTENTS NOTE
Table of Content Benin --<br/>Burkina Faso --<br/>Cameroon --<br/>Cape Verde --<br/>Côte d'Ivoire --<br/>The Gambia --<br/>Ghana --<br/>Guinea --<br/>Guinea-Bissau --<br/>Liberia --<br/>Mali --<br/>Mauritania --<br/>Niger --<br/>Nigeria --<br/>Senegal --<br/>Sierra Leone --<br/>Togo.
650 ## - SUBJECTS
Topical Term Africa, West --
General subdivision Guidebooks /
650 ## - SUBJECTS
Topical Term Travel --
General subdivision Africa, Western /
650 ## - SUBJECTS
Topical Term West Africa /
942 ## - ADDED ENTRY ELEMENTS (KOHA)
Koha item type Books
Holdings
Withdrawn status Lost status Collection code Home library Current library Shelving location Date acquired Source of acquisition Full call number Accession Number Koha item type
    Reference Methodist University Library Main Methodist University Library Main General Stacks 16/02/2021 2010-06-16 DT470.5 .F57 26417 Books
Copyright © 2026  MUG Library